000 00204nam a2200085Ia 4500
008 120527s9999 xx 000 0 und d
100 _aClark, E.James
245 _aMacro economics (Study guide)
942 _cBK
999 _c27100
_d27100